| 000 | 00459nam a22001577a 4500 | ||
|---|---|---|---|
| 003 | OSt | ||
| 005 | 20171207103403.0 | ||
| 008 | 171207b xxu||||| |||| 00| 0 fre d | ||
| 040 | _aLB-BrCRDP | ||
| 082 | _a309.22 J82c | ||
| 100 | _aRobert S. Jordan | ||
| 245 |
_aLa Coopération Multinationale _bpour un développement économique, social et scientifique |
||
| 260 |
_aParis _bLes éditions inter-nationales _c1975 |
||
| 300 |
_a390p _c19cm |
||
| 942 |
_2ddc _cBK |
||
| 999 |
_c18203 _d18203 |
||